| 000 -NÁVESTIE |
| fixed length control field |
01321nam a2200337 a 4500 |
| 008 - ÚDAJE S PEVNOU DĹŽKOU – VŠEOBECNÉ INFORMÁCIE |
| fixed length control field |
980113s1997 m yxo 0 slo c |
| 020 ## - MEDZINÁRODNÉ ŠTANDARDNÉ ČÍSLO KNIHY (ISBN) |
| Medzinárodné štandardné číslo knihy (ISBN) |
8090049397 |
| Údaje o dostupnosti |
9 |
| 040 ## - ZDROJ KATALOGIZÁCIE |
| Pôvodná katalogizujúca agentúra |
SNK |
| Jazyk katalogizácie |
slo |
| Prepisujúca agentúra |
SNK |
| Konvencie popisu |
AACR2 |
| 041 1# - KÓD JAZYKA |
| Kód jazyka textu/zvukovej stopy alebo samostatných nápisov |
slo |
| -- |
ger |
| -- |
eng |
| 044 ## - KÓD KRAJINY VYDAVATEĽA/PRODUCENTA |
| Kód krajiny MARC |
xo |
| Kód krajiny ISO |
SK |
| 080 ## - ČÍSLO MEDZINÁRODNÉHO DESATINNÉHO TRIEDENIA (MDT) |
| Číslo Medzinárodného desatinného triedenia (MDT) |
908.234.372.4(084.4) |
| 080 ## - ČÍSLO MEDZINÁRODNÉHO DESATINNÉHO TRIEDENIA (MDT) |
| Číslo Medzinárodného desatinného triedenia (MDT) |
796.5 |
| 110 0# - HLAVNÝ VSTUP – KORPORATÍVNE MENO |
| Korporatívne meno alebo meno jurisdikcie ako vstupný prvok |
MAPA Slovakia Bratislava, Slovensko |
| Kód roly |
aut |
| 245 10 - NÁZOV |
| Názov |
Šariš |
| Médium |
kartografický dokument |
| Zvyšok názvu |
podrobný atlas regiónu |
| Údaj o zodpovednosti atď. |
spracovala MAPA Slovakia s.r.o, Bratislava ; riadiaci redaktor: A. Magula ; technický redaktor: B. Glos ; mapová časť: D. Šándor, A. Fuknová, G. Glosová ; textová časť: K. Ondrejka |
| 260 ## - VYDAVATEĽSKÉ ÚDAJE, DISTRIBÚCIA ATĎ. |
| Miesto publikovania, distribúcie atď. |
Bratislava |
| Názov vydavateľa, distibútora atď. |
MAPA Slovakia |
| Dátum publikovania, distribúcie atď. |
1997 |
| 300 ## - FYZICKÝ POPIS |
| Rozsah |
1 atlas (96 s.) |
| Ďalšie fyzické detaily |
mapy a text |
| Rozmery |
30x21 cm |
| 500 ## - VŠEOBECNÁ POZNÁMKA |
| Formátovaná poznámka o obsahu |
Text aj nem. a angl. |
| 500 ## - VŠEOBECNÁ POZNÁMKA |
| Formátovaná poznámka o obsahu |
Obs. inform., graf. mierky, klad l., pl., rekl., vysvetl. Red. uzávierka 1.7.1997 |
| 505 0# - FORMÁTOVANÁ POZNÁMKA O OBSAHU |
| Formátovaná poznámka o obsahu |
Obsahuje 13 máp |
| 651 07 - PRIDANÝ VSTUP – PREDMET – GEOGRAFICKÝ NÁZOV |
| Geografický názov |
Šariš (Slovensko) |
| Všeobecný pododdiel |
atlasy regiónov |
| -- |
mapy orientačné |
| Zdroj hesla alebo termínu |
SNK |
| 700 1# - PRIDANÝ VSTUP – OSOBNÉ MENO |
| Osobné meno |
Magula, A. |
| Kód roly |
lso |
| 700 1# - PRIDANÝ VSTUP – OSOBNÉ MENO |
| Osobné meno |
Glos, Boris |
| Kód roly |
lso |
| 700 1# - PRIDANÝ VSTUP – OSOBNÉ MENO |
| Osobné meno |
Šándor, D. |
| Kód roly |
wam |
| 700 1# - PRIDANÝ VSTUP – OSOBNÉ MENO |
| Osobné meno |
Fuknová, Alexandra |
| Kód roly |
wam |
| 700 1# - PRIDANÝ VSTUP – OSOBNÉ MENO |
| Osobné meno |
Glosová, Dana |
| Kód roly |
wam |
| 700 1# - PRIDANÝ VSTUP – OSOBNÉ MENO |
| Osobné meno |
Ondrejka, Kliment |
| Kód roly |
lyr |
| 700 1# - PRIDANÝ VSTUP – OSOBNÉ MENO |
| Osobné meno |
Čeman, Róbert |
| Kód roly |
bjd |
| 700 1# - PRIDANÝ VSTUP – OSOBNÉ MENO |
| Osobné meno |
Dugas, Dionýz |
| Kód roly |
pht |
| 923 ## - |
| -- |
orientačný |
| -- |
viazaný |
| -- |
účelový |
| 958 ## - Formálny deskriptor |
| Formálny deskriptor |
CAT |